000 00578nam a2200181 ar4500
001 5044
005 20221127091059.0
008 190919s xxu a 00110 eng d
020 _a9780500342749(hbk) :
_cSR350.00
082 0 4 _a720.9
_bP955 2011
100 1 _aPryce, Will.
245 1 0 _aWorld architecture :
_bthe master works /
_cPryce Will.
260 _aLondon:
_bThames & Hudson,
_c2011.
300 _a313 pages :
_bcolor illustrations ;
_c30 cm.
500 _aIncludes index.
500 _aFirst published: New York : Thames & Hudson, 2008..
650 4 _aArchitecture
_xHistory.
999 _c5042
_d5042